• 首页
  • 本馆介绍
  • 公告通知
  • 最新文献
  • 馆藏检索
  • 电子资源
  • 读者导购
  • 参考咨询
  • 我的图书馆
  • 登录
  • 详细信息显示
  • 放入我的书架
  • 预约/预借图书
  • 作者相关作品
  • 分类相关作品
  • 丛书相关作品
  • 出版社相关作品

书目信息

  • 表格格式
  • 工作单格式
  • 卡片格式
题名:
现代微生物遗传学
    
 
作者: 陈三凤 , 刘德虎 编著
分册:  
出版信息: 北京   化学工业出版社  2011
页数: 327页
开本: 26cm
丛书名:
单 册:
中图分类: Q933-43
科图分类:
主题词: 微生物遗传学--wei sheng wu yi chuan xue--高等学校--教材
电子资源:
ISBN: 978-7-122-11244-6
000 01052cam0 2200289 450
001 012001000426
005 20191108081658.84
010    @a978-7-122-11244-6@dCNY39.00
099    @aCAL 012011281783
100    @a20110720d2011 em y0chiy0121 ea
101 0  @achi
102    @aCN@b110000
105    @aak a 000yy
106    @ar
200 1  @a现代微生物遗传学@Axian dai wei sheng wu yi chuan xue@f陈三凤, 刘德虎编著
205    @a第2版
210    @a北京@c化学工业出版社@d2011
215    @a327页@c图@d26cm
300    @a普通高等教育“十一五”国家级规划教材 北京市精品教材
320    @a有书目
330    @a本书分为十三章,内容包括:微生物的遗传物质、基因突变和损伤DNA的修复、病毒遗传分析、细菌基因转移和基因重组、质粒、微生物中的转座因子、放线菌遗传、酵母菌遗传、微生物的固氮调节机制等。
606 0  @a微生物遗传学@Awei sheng wu yi chuan xue@x高等学校@j教材
690    @aQ933-43@v4
701  0 @a陈三凤@Achen san feng@4编著
701  0 @a刘德虎@Aliu de hu@4编著
801  0 @aCN@b北京卓展文化@c20191020
905    @b1196115-8@dQ933-43@e102=2@f4
    
    现代微生物遗传学/陈三凤, 刘德虎编著.-第2版.-北京:化学工业出版社,2011
    327页:图;26cm
    普通高等教育“十一五”国家级规划教材 北京市精品教材
    
    ISBN 978-7-122-11244-6:CNY39.00
    本书分为十三章,内容包括:微生物的遗传物质、基因突变和损伤DNA的修复、病毒遗传分析、细菌基因转移和基因重组、质粒、微生物中的转座因子、放线菌遗传、酵母菌遗传、微生物的固氮调节机制等。
●
相关链接 在E读中查询图书 在五车中查询图书 在当当中查询图书 在豆瓣中查询图书


正题名:现代微生物遗传学     索取号:Q933-43/102=2         预约/预借

序号 登录号 条形码 馆藏地/架位号 状态 备注
1 1196115   211961153   第二样本阅览室/ [索取号:Q933-43/102=2] 在馆    
2 1196116   211961162   第三借阅区/ [索取号:Q933-43/102=2] 在馆    
3 1196117   211961171   第三借阅区/ [索取号:Q933-43/102=2] 在馆    
4 1196118   211961180   第三借阅区/ [索取号:Q933-43/102=2] 在馆    
唐山师范学院图书馆 欢迎您!
大连网信软件有限公司© 版权所有